000 00353nam a22001457a 4500
003 OSt
005 20231026104028.0
008 231026b |||||||| |||| 00| 0 eng d
040 _cIIMT UNIVERSITY
100 _aSHASTRI, SRI RAMNARAYAN G
245 _aSRI DURGASAPTSHATI
260 _aGORAKHPUR
_bGEETA PRESS
_cS.2049
300 _a239
942 _2ddc
_c09
999 _c57540
_d57540